El sonido de la sintaxis : marzo/2026 /
Guardado en:
| Autor Principal: | |
|---|---|
| Formato: | Libro |
| Publicado: |
Bahía Blanca :
HCE : Carlos Marcelo Zabaloy,
2026.
|
| Materias: | |
| Etiquetas: |
Agregar Etiqueta
Sin Etiquetas, Sea el primero en etiquetar este registro!
|
| LEADER | 00631nam a22001815a 4500 | ||
|---|---|---|---|
| 001 | EHU.bham052823 | ||
| 008 | 260309s2026####ag############000#0#####d | ||
| 005 | 20260310093048.0 | ||
| 245 | 1 | 0 | |a El sonido de la sintaxis : |b marzo/2026 / |c Natalia Silvina Fiore Kooistra. |
| 260 | |a Bahía Blanca : |b HCE : |b Carlos Marcelo Zabaloy, |c 2026. | ||
| 300 | |a 44 p. | ||
| 020 | |a 9786310125589 | ||
| 100 | 1 | |a Fiore Kooistra, Natalia Silvina. | |
| 082 | A | 8 | |a A861.5 F518 |
| 653 | |a Literatura argentina-2000- | ||
| 653 | |a Literatura bahiense-2000- | ||
| 653 | |a Miscelánea bahiense-2000- | ||
| 859 | |a AR-BHAM |b BIB. HUMANIDADES - General |h A861.5 |i F518 |p 1.26 |t Ej.1 | ||
